Anstey`s abbeys (Record no. 91435)
[ view plain ]
| 000 -LEADER | |
|---|---|
| fixed length control field | 00541cam a2200229 4500 |
| 008 - FIXED-LENGTH DATA ELEMENTS--GENERAL INFORMATION | |
| fixed length control field | 090401t1987 xxu||||| |||| 00| 0 eng d |
| 020 ## - INTERNATIONAL STANDARD BOOK NUMBER | |
| International Standard Book Number | 0854063374 |
| 035 ## - SYSTEM CONTROL NUMBER | |
| System control number | (Sirsi) u44088 |
| 041 ## - LANGUAGE CODE | |
| Language code of text/sound track or separate title | eng |
| 050 ## - LIBRARY OF CONGRESS CALL NUMBER | |
| Classification number | 726.7 |
| 090 ## - LOCALLY ASSIGNED LC-TYPE CALL NUMBER (OCLC); LOCAL CALL NUMBER (RLIN) | |
| Classification number (OCLC) (R) ; Classification number, CALL (RLIN) (NR) | RICS 1987/62 ABCD |
| 100 ## - MAIN ENTRY--PERSONAL NAME | |
| Personal name | Anstey, John |
| 245 ## - TITLE STATEMENT | |
| Title | Anstey`s abbeys |
| 260 ## - PUBLICATION, DISTRIBUTION, ETC. | |
| Place of publication, distribution, etc. | London |
| Name of publisher, distributor, etc. | Surveyors Publications |
| Date of publication, distribution, etc. | 1987 |
| 300 ## - PHYSICAL DESCRIPTION | |
| Extent | 120p. ; 25cm. |
| 350 ## - PRICE (NR) (BK AM CF MU VM SE) [OBSOLETE] | |
| Price | 9.95 |
| 650 ## - SUBJECT ADDED ENTRY--TOPICAL TERM | |
| Topical term or geographic name entry element | ARCHITECTURE |
| 650 ## - SUBJECT ADDED ENTRY--TOPICAL TERM | |
| Topical term or geographic name entry element | CHURCHES |
| 650 ## - SUBJECT ADDED ENTRY--TOPICAL TERM | |
| Topical term or geographic name entry element | HISTORIC BUILDINGS |
| 942 ## - ADDED ENTRY ELEMENTS (KOHA) | |
| Suppress in OPAC | 0 |
| 948 ## - LOCAL PROCESSING INFORMATION (OCLC); SERIES PART DESIGNATOR (RLIN) | |
| c (OCLC) | 04/03/1997 |
| Withdrawn status | Lost status | Source of classification or shelving scheme | Damaged status | Not for loan | Home library | Current library | Shelving location | Date acquired | Cost, normal purchase price | Total Checkouts | Full call number | Barcode | Date last seen | Copy number | Cost, replacement price | Price effective from | Koha item type |
|---|---|---|---|---|---|---|---|---|---|---|---|---|---|---|---|---|---|
| Dewey Decimal Classification | Historic collection | Historic collection | RICS Boxes | 14/09/1999 | 9.95 | RICS 1987/62 | 30007936 | 06/08/2019 | 1 | 9.95 | 06/08/2019 | Archive | |||||
| Dewey Decimal Classification | London | London | RICS Boxes | 14/09/1999 | 9.95 | RICS 1987/62 | 30007937 | 06/08/2019 | 2 | 9.95 | 06/08/2019 | Reference material | |||||
| Dewey Decimal Classification | London | London | RICS Boxes | 14/09/1999 | 9.95 | RICS 1987/62 | 30017308 | 06/08/2019 | 3 | 9.95 | 06/08/2019 | Book |